[Event "DVM U20 2020"]
[Site "Willingen GER"]
[Date "2021.06.24"]
[Round "1"]
[White "Graf, Lucas"]
[Black "Gubariev, Yakiv"]
[Result "1-0"]
[Termination "normal"]
[Board "7.3"]
[WhiteElo "1882"]
[BlackElo "1925"]
[WhiteClock "01:30:44"]
[BlackClock "01:30:55"]
[WhiteTeam "Schachklub König Plauen"]
[BlackTeam "Schachfreunde Augsburg"]
[PlyCount "85"]
[WhiteFideId "12974889"]
[BlackFideId "16216938"]
[EventCountry "GER"]
[EventRounds "7"]
[EventType "team-swiss"]
[EventDate "2021.06.23"]

1. e4 {[%clk 01:30:44]} c5 {[%clk 01:30:55]} 2. Nf3 {[%clk 01:30:44]} Nc6 3.
Nc3 {[%clk 01:30:44]} g6 {[%clk 01:30:55]} 4. d4 {[%clk 01:30:44]} cxd4 {[%clk
01:30:55]} 5. Nxd4 {[%clk 01:30:44]} Bg7 {[%clk 01:30:55]} 6. Be3 {[%clk
01:30:44]} Nf6 {[%clk 01:30:55]} 7. Bc4 {[%clk 01:30:44]} O-O {[%clk 01:30:55]}
8. O-O {[%clk 01:30:44]} d6 {[%clk 01:30:55]} 9. h3 {[%clk 01:30:44]} Bd7
{[%clk 01:30:55]} 10. Qd2 {[%clk 01:30:44]} Rc8 {[%clk 01:30:55]} 11. Bb3
{[%clk 01:30:44]} a6 {[%clk 01:30:55]} 12. Rad1 {[%clk 01:30:44]} Nxd4 {[%clk
01:30:55]} 13. Bxd4 {[%clk 01:30:44]} Bc6 {[%clk 01:30:55]} 14. Qe3 {[%clk
01:30:44]} Qc7 {[%clk 01:30:55]} 15. f4 {[%clk 01:30:44]} b5 {[%clk 01:30:55]}
16. e5 {[%clk 01:30:44]} Ne8 {[%clk 01:30:55]} 17. Rfe1 {[%clk 01:30:44]} Qb7
{[%clk 01:30:55]} 18. Rd2 {[%clk 01:30:44]} dxe5 {[%clk 01:30:55]} 19. fxe5
{[%clk 01:30:44]} Nc7 {[%clk 01:30:55]} 20. e6 {[%clk 01:30:44]} f6 {[%clk
01:30:55]} 21. Bc5 {[%clk 01:30:44]} Rfe8 {[%clk 01:30:55]} 22. Red1 {[%clk
01:30:44]} a5 {[%clk 01:30:55]} 23. a3 {[%clk 01:30:44]} Qa8 {[%clk 01:30:55]}
24. Rd7 {[%clk 01:30:44]} Bxg2 {[%clk 01:30:55]} 25. R1d2 {[%clk 01:30:44]} Bh1
{[%clk 01:30:55]} 26. Rxe7 {[%clk 01:30:44]} Rxe7 {[%clk 01:30:55]} 27. Bxe7
{[%clk 01:30:44]} Kh8 {[%clk 01:30:55]} 28. Qg3 {[%clk 01:30:44]} b4 {[%clk
01:30:55]} 29. axb4 {[%clk 01:30:44]} axb4 {[%clk 01:30:55]} 30. Bxb4 {[%clk
01:30:44]} Bh6 {[%clk 01:30:55]} 31. Qf2 {[%clk 01:30:44]} Ne8 {[%clk
01:30:55]} 32. Rd3 {[%clk 01:30:44]} Bg5 {[%clk 01:30:55]} 33. Qh2 {[%clk
01:30:44]} Rxc3 {[%clk 01:30:55]} 34. Bxc3 {[%clk 01:30:44]} Qa1+ {[%clk
01:30:55]} 35. Kf2 {[%clk 01:30:44]} Bh4+ {[%clk 01:30:55]} 36. Ke2 {[%clk
01:30:44]} Be4 {[%clk 01:30:55]} 37. Qb8 {[%clk 01:30:44]} Kg7 {[%clk
01:30:55]} 38. Rd7+ {[%clk 01:30:44]} Kh6 {[%clk 01:30:55]} 39. Qf4+ {[%clk
01:30:44]} Bg5 {[%clk 01:30:55]} 40. Qxe4 {[%clk 01:30:44]} Qg1 {[%clk
01:30:55]} 41. Qf3 {[%clk 01:30:44]} Nd6 {[%clk 01:30:55]} 42. Bb4 {[%clk
01:30:44]} Qh2+ {[%clk 01:30:55]} 43. Kd3 {[%clk 01:30:44]} 1-0

[Event "DVM U20 2020"]
[Site "Willingen GER"]
[Date "2021.06.24"]
[Round "1"]
[White "McPherson, Elisha"]
[Black "Pivtorak, Illia"]
[Result "1-0"]
[Termination "normal"]
[Board "7.4"]
[WhiteElo "1967"]
[BlackElo "1509"]
[WhiteClock "00:22:01"]
[BlackClock "00:25:42"]
[WhiteTeam "Schachfreunde Augsburg"]
[BlackTeam "Schachklub König Plauen"]
[PlyCount "138"]
[WhiteFideId "16255852"]
[BlackFideId "14194317"]
[EventCountry "GER"]
[EventRounds "7"]
[EventType "team-swiss"]
[EventDate "2021.06.23"]

1. e4 e5 2. Nf3 Nc6 3. d4 exd4 4. Bc4 Nf6 5. e5 d5 6. Bb5 Ne4 7. Nxd4 Bd7 8.
Bxc6 bxc6 9. O-O Bc5 10. f3 Ng5 11. Be3 Rb8 12. Qd2 Ne6 13. c3 O-O 14. f4 f6
15. f5 Nxd4 16. cxd4 Bb4 17. Qc2 fxe5 18. dxe5 Qh4 19. Nc3 d4 20. Rf4 Qh6 21.
Bc1 Bc5 22. Na4 Bb4 23. Qc4+ Kh8 24. Qxd4 Qh5 25. f6 Be6 26. fxg7+ Kxg7 27. Rh4
Qe2 28. Bh6+ Kh8 29. Bxf8 Rxf8 30. h3 Be1 31. Rf4 Rg8 32. Rg4 Rf8 33. Re4 Rf1+
34. Kh2 Bxh3 35. Rxe2 1-0

[Event "DVM U20 2020"]
[Site "Willingen GER"]
[Date "2021.06.24"]
[Round "1"]
[White "Nicklaus, Timm"]
[Black "Vuckovic, Robert"]
[Result "1/2-1/2"]
[Termination "normal"]
[Board "7.5"]
[WhiteElo "1727"]
[BlackElo "1827"]
[WhiteClock "00:07:45"]
[BlackClock "00:10:45"]
[WhiteTeam "Schachklub König Plauen"]
[BlackTeam "Schachfreunde Augsburg"]
[PlyCount "103"]
[WhiteFideId "12957143"]
[BlackFideId "12998680"]
[EventCountry "GER"]
[EventRounds "7"]
[EventType "team-swiss"]
[EventDate "2021.06.23"]

1. Nf3 d5 2. g3 Nf6 3. Bg2 Bf5 4. d3 e6 5. O-O Be7 6. Nbd2 Nbd7 7. Re1 O-O 8.
h3 Rc8 9. e4 Bg6 10. e5 Ne8 11. d4 c5 12. c3 b5 13. Nf1 b4 14. Re2 Qa5 15. Bd2
Qb5 16. cxb4 cxd4 17. Nxd4 Qb6 18. Nf3 Bxb4 19. Bxb4 Qxb4 20. Rc1 Nc7 21. Re3
Na6 22. Rb3 Qe4 23. N1d2 Qf5 24. Bf1 Rxc1 25. Qxc1 Nac5 26. Re3 Ne4 27. Nxe4
dxe4 28. Nh4 Qxe5 29. Nxg6 hxg6 30. Qc6 Nf6 31. Qc2 Rb8 32. b3 Rd8 33. Bg2 Kh7
34. Bxe4 Qh5 35. Kg2 Nxe4 36. Qxe4 Rd2 37. Qf4 Qd5+ 38. Qf3 Qxf3+ 39. Rxf3 f6
40. a3 e5 41. Rc3 Ra2 42. b4 Kh6 43. Re3 Kg5 44. Kf3 Kf5 45. g4+ Ke6 46. Rc3
Kd6 47. Ke3 f5 48. gxf5 gxf5 49. h4 Ra1 50. Ke2 Kd5 51. Rg3 Ra2+ 52. Kf1 a6 53.
h5 f4 54. Rxg7 f3 55. Kg1 Ra1+ 56. Kh2 Rf1 57. h6 Rxf2+ 58. Kg3 Rf1 59. Kh2
Rf2+ 60. Kg1 Rc2 61. h7 f2+ 62. Kf1 Rc1+ 63. Kxf2 Rh1 64. Ra7 Rh6 65. Rxa6 Rxh7
66. Ra5+ Kd4 67. b5 e4 68. Ra4+ Kc5 69. Rxe4 Kxb5 1/2-1/2

[Event "DVM U20 2020"]
[Site "Willingen GER"]
[Date "2021.06.24"]
[Round "1"]
[White "Weisheit, Erik"]
[Black "Melitzki, Richard"]
[Result "1-0"]
[Termination "normal"]
[Board "7.6"]
[WhiteElo "1942"]
[BlackElo "1425"]
[WhiteClock "00:00:43"]
[BlackClock "00:01:54"]
[WhiteTeam "Schachfreunde Augsburg"]
[BlackTeam "Schachklub König Plauen"]
[PlyCount "83"]
[WhiteFideId "12981702"]
[BlackFideId "16223420"]
[EventCountry "GER"]
[EventRounds "7"]
[EventType "team-swiss"]
[EventDate "2021.06.23"]

1. e4 c5 2. Nf3 e6 3. d4 cxd4 4. Nxd4 a6 5. c4 Qc7 6. Nc3 Nf6 7. a3 b6 8. Be2
Bb7 9. Qd3 d6 10. O-O Nbd7 11. b4 Be7 12. Bb2 Rc8 13. Rac1 O-O 14. Qg3 Rfe8 15.
f4 Qb8 16. Nf3 Bf8 17. e5 dxe5 18. Nxe5 Nxe5 19. fxe5 Ne4 20. Qf4 f5 21. exf6
Qxf4 22. Rxf4 Nxf6 23. Ne4 e5 24. Rff1 Re6 25. Rf5 Rce8 26. c5 bxc5 27. Nxc5
Bxc5+ 28. Rxc5 Nd7 29. Rc7 Be4 30. Rf1 Rd6 31. Bc4+ Bd5 32. Rd1 Nf6 33. Rc5
Bxc4 34. Rxd6 Ne4 35. Rxc4 Nxd6 36. Rc6 Ne4 37. Rxa6 Kf7 38. Kf1 Nf6 39. Ra5
Ng4 40. h3 Ne3+ 41. Kg1 Nc4 42. Ra7+ Kf6 43. Bc3 Rd8 44. b5 Rd6 45. a4 Rd3 46.
Bb4 e4 47. Rc7 Ne5 48. Bc3 e3 49. Rc5 Rd1+ 50. Kh2 Kf5 51. Rxe5+ Kf4 52. Re7
1-0

[Event "DVM U20 2020"]
[Site "Willingen GER"]
[Date "2021.06.24"]
[Round "1"]
[White "Wendler, David"]
[Black "Knüdel, Torben"]
[Result "1/2-1/2"]
[Termination "normal"]
[Board "8.1"]
[WhiteElo "2295"]
[BlackElo "2204"]
[WhiteClock "00:07:33"]
[BlackClock "00:05:28"]
[WhiteTeam "SK Bebenhausen 1992"]
[BlackTeam "Post SV Uelzen"]
[PlyCount "107"]
[WhiteFideId "12938360"]
[BlackFideId "16208820"]
[EventCountry "GER"]
[EventRounds "7"]
[EventType "team-swiss"]
[EventDate "2021.06.23"]

1. e4 e5 2. Nf3 Nc6 3. Bb5 a6 4. Ba4 Nf6 5. d3 b5 6. Bb3 Be7 7. O-O Bb7 8. Nc3
Na5 9. Re1 d6 10. Bd2 O-O 11. Bd5 c6 12. Bxf7+ Rxf7 13. b4 Bc8 14. bxa5 Bg4 15.
h3 Bh5 16. Re3 d5 17. exd5 b4 18. Ne4 Nxe4 19. dxe4 Bc5 20. g4 Qf6 21. Rd3 Qg6
22. Nxe5 Bxf2+ 23. Kf1 Bd4+ 24. Nxf7 Rf8 25. Kg2 Qxe4+ 26. Qf3 Qxf3+ 27. Rxf3
Bxf7 28. Rxf7 Rxf7 29. Rf1 Rxf1 30. Kxf1 cxd5 31. Bxb4 Kf7 32. Ke2 g6 33. Kd3
Be5 34. c4 Ke6 35. Bd2 Kd6 36. Be3 Kc6 37. Bb6 Bg3 38. Bd8 Be1 39. Bb6 Bg3 40.
Bd4 Be1 41. Bb6 Bg3 1/2-1/2

[Event "DVM U20 2020"]
[Site "Willingen GER"]
[Date "2021.06.24"]
[Round "1"]
[White "von Estorff, Jacob"]
[Black "Waffenschmidt, Lars"]
[Result "1-0"]
[Termination "normal"]
[Board "8.2"]
[WhiteElo "2125"]
[BlackElo "1896"]
[WhiteClock "00:32:31"]
[BlackClock "01:05:29"]
[WhiteTeam "Post SV Uelzen"]
[BlackTeam "SK Bebenhausen 1992"]
[PlyCount "56"]
[WhiteFideId "12974501"]
[BlackFideId "16244656"]
[EventCountry "GER"]
[EventRounds "7"]
[EventType "team-swiss"]
[EventDate "2021.06.23"]

1. e4 e5 2. Nf3 Nc6 3. Bc4 Bc5 4. c3 Nf6 5. O-O Nxe4 6. d4 exd4 7. cxd4 d5 8.
dxc5 dxc4 9. Qe2 Qe7 10. Qxc4 Nxc5 11. b4 Ne6 12. b5 Qb4 13. Qe2 Ne7 14. Ba3
Qg4 15. Nc3 Bd7 16. Rfe1 Ng6 17. h3 Qh5 18. Qe3 Qh6 19. Ng5 Ne7 20. Rad1 Rd8
21. Bxe7 Kxe7 22. Qc5+ Kf6 23. Qe5+ Kg6 24. Rxd7 Qxg5 25. Qe4+ Qf5 26. Qxf5+
Kxf5 27. Rxf7+ Kg6 28. Re7 Nf4 29. Rxc7 Rc8 30. Ree7 Rxc7 31. Rxc7 Rb8 32. Ne4
Nd5 33. Rd7 Nb6 34. Re7 Nd5 35. Re5 Rd8 36. g3 Nf6 37. Nc5 b6 38. Ne6 Rd5 39.
Nf4+ Kf7 40. Nxd5 Nxd5 41. Rxd5 Kf6 42. Rd7 Ke6 43. Rxg7 Kd6 44. Rxh7 Ke6 45.
Rxa7 Kf6 46. a4 Kg6 47. a5 Kf6 48. axb6 Kg6 49. b7 Kg5 50. b8=Q Kh5 51. Qe5+
Kh6 52. Ra6+ Kh7 53. Qe7+ Kh8 54. Ra8# 1-0

[Event "DVM U20 2020"]
[Site "Willingen GER"]
[Date "2021.06.24"]
[Round "1"]
[White "Freiherr von Hauff, Christopher"]
[Black "Bargsten, Justus"]
[Result "0-1"]
[Termination "normal"]
[Board "8.3"]
[WhiteElo "1832"]
[BlackElo "2052"]
[WhiteClock "01:30:56"]
[BlackClock "01:30:40"]
[WhiteTeam "SK Bebenhausen 1992"]
[BlackTeam "Post SV Uelzen"]
[PlyCount "56"]
[WhiteFideId "16200691"]
[BlackFideId "12974188"]
[EventCountry "GER"]
[EventRounds "7"]
[EventType "team-swiss"]
[EventDate "2021.06.23"]

1. e4 {[%clk 01:30:56]} {[%emt 00:00:03]} e5 {[%clk 01:30:40]} 2. Nf3 {[%clk
01:30:56]} Nc6 {[%clk 01:30:40]} 3. Bc4 {[%clk 01:30:56]} Nf6 {[%clk 01:30:40]}
4. Ng5 {[%clk 01:30:56]} d5 {[%clk 01:30:40]} 5. exd5 {[%clk 01:30:56]} Na5
{[%clk 01:30:40]} 6. d3 {[%clk 01:30:56]} h6 {[%clk 01:30:40]} 7. Nf3 {[%clk
01:30:56]} e4 {[%clk 01:30:40]} 8. Qe2 {[%clk 01:30:56]} Nxc4 {[%clk 01:30:40]}
9. dxc4 {[%clk 01:30:56]} Bc5 {[%clk 01:30:40]} 10. Nfd2 {[%clk 01:30:56]} O-O
{[%clk 01:30:40]} 11. Nb3 {[%clk 01:30:56]} Bg4 {[%clk 01:30:40]} 12. Qf1
{[%clk 01:30:56]} Bb4+ {[%clk 01:30:40]} 13. c3 {[%clk 01:30:56]} Be7 {[%clk
01:30:40]} 14. h3 {[%clk 01:30:56]} Bh5 {[%clk 01:30:40]} 15. g4 {[%clk
01:30:56]} Bg6 {[%clk 01:30:40]} 16. Be3 {[%clk 01:30:56]} Nd7 {[%clk
01:30:40]} 17. N1d2 {[%clk 01:30:56]} Ne5 {[%clk 01:30:40]} 18. O-O-O {[%clk
01:30:56]} b5 {[%clk 01:30:40]} 19. Kb1 {[%clk 01:30:56]} bxc4 {[%clk
01:30:40]} 20. Nxc4 {[%clk 01:30:56]} Nd3 {[%clk 01:30:40]} 21. Nca5 {[%clk
01:30:56]} Qxd5 {[%clk 01:30:40]} 22. c4 {[%clk 01:30:56]} Qe6 {[%clk
01:30:40]} 23. Nd4 {[%clk 01:30:56]} Qa6 {[%clk 01:30:40]} 24. Ndc6 {[%clk
01:30:56]} Bf6 {[%clk 01:30:40]} 25. Rd2 {[%clk 01:30:56]} Rab8 {[%clk
01:30:40]} 26. Nxb8 {[%clk 01:30:56]} Rxb8 {[%clk 01:30:40]} 27. Nb3 {[%clk
01:30:56]} Rxb3 {[%clk 01:30:40]} 28. axb3 {[%clk 01:30:56]} Nb4 {[%clk
01:30:40]} 0-1

[Event "DVM U20 2020"]
[Site "Willingen GER"]
[Date "2021.06.24"]
[Round "1"]
[White "Askerov, Imamali"]
[Black "Kasüschke, Lars"]
[Result "1-0"]
[Termination "normal"]
[Board "8.4"]
[WhiteElo "1937"]
[BlackElo "1960"]
[WhiteClock "00:02:38"]
[BlackClock "00:17:18"]
[WhiteTeam "Post SV Uelzen"]
[BlackTeam "SK Bebenhausen 1992"]
[PlyCount "115"]
[WhiteFideId "12974498"]
[BlackFideId "12939510"]
[EventCountry "GER"]
[EventRounds "7"]
[EventType "team-swiss"]
[EventDate "2021.06.23"]

1. e4 c5 2. Nf3 e6 3. d4 cxd4 4. Nxd4 Nc6 5. Nc3 Qc7 6. Be2 a6 7. O-O b5 8.
Nxc6 Qxc6 9. a3 Bb7 10. Be3 Rc8 11. Bf3 Qc7 12. Bd4 Ne7 13. Be2 Nc6 14. Be3 Ne5
15. Qd2 Be7 16. Rad1 d6 17. f4 Nc4 18. Bxc4 Qxc4 19. Qf2 O-O 20. f5 e5 21. Qg3
Kh8 22. Qf3 Rfd8 23. Rf2 b4 24. axb4 Qxb4 25. Bc1 Rc4 26. Re2 Rdc8 27. Rd3 a5
28. Qh5 g6 29. Qh6 Qb6+ 30. Kh1 Qd8 31. Rh3 Qg8 32. Rf3 Rd4 33. Be3 Rxe4 34.
Nxe4 Bxe4 35. Rff2 Bxf5 36. Bg5 f6 37. Bh4 Bg4 38. Rd2 g5 39. Bg3 Qa2 40. h3
Be6 41. Rxf6 Bd5 42. Rxd6 Bxd6 43. Qxd6 1-0

[Event "DVM U20 2020"]
[Site "Willingen GER"]
[Date "2021.06.24"]
[Round "1"]
[White "Omert, Oliver"]
[Black "Falke, Philipp"]
[Result "1-0"]
[Termination "normal"]
[Board "8.5"]
[WhiteElo "1897"]
[BlackElo "1334"]
[WhiteClock "00:01:10"]
[BlackClock "00:01:43"]
[WhiteTeam "SK Bebenhausen 1992"]
[BlackTeam "Post SV Uelzen"]
[PlyCount "48"]
[WhiteFideId "16261208"]
[BlackFideId "16294696"]
[EventCountry "GER"]
[EventRounds "7"]
[EventType "team-swiss"]
[EventDate "2021.06.23"]

1. e4 c5 2. c3 d6 3. d4 cxd4 4. cxd4 Nf6 5. Nc3 e6 6. Nf3 Be7 7. Bd3 O-O 8. Qe2
Bd7 9. O-O Nc6 10. e5 Nd5 11. Ne4 dxe5 12. dxe5 Qc7 13. Neg5 h6 14. Nh3 f5 15.
exf6 Rxf6 16. Qe4 Ndb4 17. Qh7+ Kf7 18. Be4 Rf8 19. a3 Nd5 20. Rd1 Ne5 21. Bxd5
exd5 22. Nxe5+ Qxe5 23. Qd3 Be6 24. Bd2 Bc5 25. Bc3 d4 26. Bxd4 Bxd4 27. Qxd4
Qxd4 28. Rxd4 Kg6 29.Rd6 Bxh3 30. Rxf6+ Rxf6 31. gxh3 Kg5 32. Rc1 Rf3 33. Kg2
Rb3 34. Rc2 b5 35. Re2 a5 36. Rd2 Kf5 37. Re2 Kg5 38. Rc2 Kf5 39. Rd2 Kg5 40.
Kg1 Kh5 41. Kg2 Kg5 42.a4 bxa4 43. Rd5+ Kf4 44. Rxa5 Rxb2 45. Rxa4+ Kf5 46. Ra6
Rc2 47. Kg3 Rc1 48. h4 Rg1+ 49. Kf3 Rh1 50. Ra5+ Kf6 51. Kg2 Rc1 52. h5 Rc3 53.
Ra6+ Kg5 54. Rg6+ Kxh5 55. Rxg7 Rc5 56. Kg3 Rg5+ 57. Rxg5+ hxg5 58. Kf3 Kh4 59.
Ke4 Kh3 60. Kf5 Kh4 61. f3 Kh5 62. h3 Kh6 63. Kf6 Kh5 64. Kg7 Kh4 65. Kg6 Kxh3
66. Kxg5 1-0

[Event "DVM U20 2020"]
[Site "Willingen GER"]
[Date "2021.06.24"]
[Round "1"]
[White "Schulze, Max Peter"]
[Black "Grimm, Ling Leander"]
[Result "0-1"]
[Termination "normal"]
[Board "8.6"]
[WhiteElo "1125"]
[BlackElo "1811"]
[WhiteTeam "Post SV Uelzen"]
[BlackTeam "SK Bebenhausen 1992"]
[WhiteFideId "16272200"]
[BlackFideId "12968277"]
[EventCountry "GER"]
[EventRounds "7"]
[EventType "team-swiss"]
[EventDate "2021.06.23"]

1. d4 Nf6 2. c4 e6 3. Nc3 Bb4 4. Nf3 O-O 5. e3 c5 6. Bd3 d5 7. O-O Nc6 8. Qc2
cxd4 9. exd4 dxc4 10. Bxc4 Nxd4 11. Qd3 Nxf3+ 12. Qxf3 Qc7 13. Bb3 Bxc3 14.
bxc3 Bd7 15. Bc2 Bc6 16.Qe2 Rfd8 17. Be3 Rd5 18. Rab1 Rh5 19. h3 Qe5 20. Rfd1
Nd5 21. Rd3 Nf4 22. Qd1 Nxd3 23. Bxd3 Qd5 24. Qg4 Qxd3 0-1

[Event "DVM U20 2020"]
[Site "Willingen GER"]
[Date "2021.06.24"]
[Round "2"]
[White "Goldbeck, Lars"]
[Black "Biermann, Florian"]
[Result "1-0"]
[Termination "normal"]
[Board "1.2"]
[WhiteTitle "FM"]
[WhiteElo "2235"]
[BlackElo "2104"]
[WhiteClock "00:22:19"]
[BlackClock "00:14:07"]
[WhiteTeam "SC Bavaria Regensburg von 1881 e.V."]
[BlackTeam "Schachgesellschaft Bochum 1931"]
[PlyCount "83"]
[WhiteFideId "16208188"]
[BlackFideId "12970069"]
[EventCountry "GER"]
[EventRounds "7"]
[EventType "team-swiss"]
[EventDate "2021.06.23"]

1. d4 {[%clk 01:30:55]} {[%emt 00:00:05]} Nf6 {[%clk 01:30:53]} {[%emt
00:00:07]} 2. c4 {[%clk 01:31:09]} {[%emt 00:00:16]} g6 {[%clk 01:31:03]}
{[%emt 00:00:20]} 3. Nc3 {[%clk 01:31:22]} {[%emt 00:00:18]} Bg7 {[%clk
01:31:11]} {[%emt 00:00:22]} 4. e4 {[%clk 01:31:48]} {[%emt 00:00:05]} d6
{[%clk 01:31:32]} {[%emt 00:00:08]} 5. f3 {[%clk 01:32:14]} {[%emt 00:00:04]}
O-O {[%clk 01:31:23]} {[%emt 00:00:39]} 6. Nge2 {[%clk 01:32:40]} {[%emt
00:00:06]} c5 {[%clk 01:30:54]} {[%emt 00:00:56]} 7. d5 {[%clk 01:33:00]}
{[%emt 00:00:11]} e6 {[%clk 01:30:57]} {[%emt 00:00:26]} 8. Bg5 {[%clk
01:33:03]} {[%emt 00:00:27]} h6 {[%clk 01:30:36]} {[%emt 00:00:50]} 9. Be3
{[%clk 01:32:20]} {[%emt 00:01:14]} exd5 10. cxd5 {[%clk 01:32:49]} a6 {[%clk
01:30:48]} {[%emt 00:00:22]} 11. a4 {[%clk 01:33:07]} {[%emt 00:00:11]} Nbd7
{[%clk 01:29:04]} {[%emt 00:02:16]} 12. Qd2 {[%clk 01:29:36]} {[%emt 00:03:59]}
h5 {[%clk 01:27:08]} {[%emt 00:02:26]} 13. Nc1 {[%clk 01:26:48]} {[%emt
00:03:18]} Rb8 {[%clk 01:23:38]} {[%emt 00:04:00]} 14. Be2 {[%clk 01:25:30]}
{[%emt 00:01:47]} Ne5 {[%clk 01:17:47]} {[%emt 00:06:22]} 15. O-O {[%clk
01:14:30]} {[%emt 00:11:29]} Nh7 {[%clk 01:15:07]} {[%emt 00:03:11]} 16. h3
{[%clk 01:11:25]} {[%emt 00:03:35]} f5 {[%clk 01:13:29]} {[%emt 00:02:09]} 17.
f4 {[%clk 01:03:45]} {[%emt 00:08:10]} Nf7 {[%clk 01:13:16]} {[%emt 00:00:42]}
18. Nd3 {[%clk 00:59:41]} {[%emt 00:04:34]} fxe4 {[%clk 01:05:59]} {[%emt
00:07:46]} 19. Nf2 {[%clk 00:57:12]} {[%emt 00:02:59]} Nh6 {[%clk 01:02:57]}
{[%emt 00:03:33]} 20. Nfxe4 {[%clk 00:50:15]} {[%emt 00:07:26]} Nf5 {[%clk
01:03:02]} {[%emt 00:00:25]} 21. Bf2 {[%clk 00:49:20]} {[%emt 00:01:26]} Nd4
{[%clk 01:02:36]} {[%emt 00:00:56]} 22. Rae1 {[%clk 00:47:53]} {[%emt
00:01:56]} Bf5 {[%clk 00:56:35]} {[%emt 00:06:32]} 23. Bd3 {[%clk 00:44:53]}
{[%emt 00:03:30]} Bxh3 {[%clk 00:53:58]} {[%emt 00:03:07]} 24. Ng3 {[%clk
00:41:08]} {[%emt 00:04:15]} Bf5 {[%clk 00:52:19]} {[%emt 00:02:08]} 25. Nxf5
{[%clk 00:41:30]} {[%emt 00:00:08]} gxf5 {[%clk 00:51:51]} {[%emt 00:00:59]}
26. Ne2 {[%clk 00:39:54]} {[%emt 00:02:06]} Nxe2+ {[%clk 00:49:06]} {[%emt
00:03:16]} 27. Qxe2 {[%clk 00:36:45]} {[%emt 00:03:39]} Qe8 {[%clk 00:26:36]}
{[%emt 00:22:59]} 28. Qc2 {[%clk 00:31:20]} {[%emt 00:05:55]} Qg6 {[%clk
00:21:25]} {[%emt 00:05:40]} 29. Re6 {[%clk 00:31:16]} {[%emt 00:00:34]} Rf6
{[%clk 00:21:28]} {[%emt 00:00:28]} 30. Bh4 {[%clk 00:15:42]} {[%emt 00:16:03]}
Rxe6 {[%clk 00:19:56]} {[%emt 00:02:03]} 31. dxe6 {[%clk 00:06:10]} {[%emt
00:10:02]} Qxe6 {[%clk 00:16:26]} {[%emt 00:04:00]} 32. Bxf5 {[%clk 00:06:31]}
{[%emt 00:00:09]} Bd4+ {[%clk 00:16:37]} {[%emt 00:00:19]} 33. Kh2 {[%clk
00:06:11]} {[%emt 00:00:50]} Qf7 {[%clk 00:16:38]} {[%emt 00:00:29]} 34. Bg6
{[%clk 00:04:44]} {[%emt 00:01:57]} Qg7 {[%clk 00:17:00]} {[%emt 00:00:08]} 35.
Qf5 {[%clk 00:04:26]} {[%emt 00:00:47]} Nf6 {[%clk 00:15:17]} {[%emt 00:02:13]}
36. Re1 {[%clk 00:02:56]} {[%emt 00:02:01]} Rf8 {[%clk 00:14:20]} {[%emt
00:01:27]} 37. Kh1 {[%clk 00:03:03]} {[%emt 00:00:23]} Bxb2 {[%clk 00:08:44]}
{[%emt 00:06:06]} 38. Re3 {[%clk 00:02:33]} {[%emt 00:01:00]} Nh7 {[%clk
00:01:56]} {[%emt 00:07:17]} 39. Qxh5 {[%clk 00:01:27]} {[%emt 00:01:36]} Bf6
{[%clk 00:01:16]} {[%emt 00:01:11]} 40. Rg3 {[%clk 00:01:25]} {[%emt 00:00:32]}
Kh8 {[%clk 00:00:41]} {[%emt 00:01:05]} 41. Rh3 {[%clk 00:22:19]} {[%emt
00:09:36]} Kg8 {[%clk 00:14:07]} {[%emt 00:17:04]} 42. Bxh7+ {[%emt 00:04:58]}
1-0